| 000 | 00572nam a2200169Ia 4500 | ||
|---|---|---|---|
| 008 | 090711s9999 xx 000 0 und d | ||
| 082 | _b15635 | ||
| 100 | _aगोरे भा. म. | ||
| 245 | _aगर्दीपासून दूर दूर | ||
| 260 |
_bआयडियल सांस्कृतिक _c1955 |
||
| 300 | _a257 | ||
| 600 | _aगोरे भा. म. | ||
| 630 | _aगर्दीपासून दूर दूर | ||
| 700 | _aगोरे भा. म. | ||
| 730 | _aगर्दीपासून दूर दूर | ||
| 942 | _cBOOK | ||
| 999 |
_c287446 _d287446 |
||